[Event "Iberoamerican-ch 9th"]
[Site "Panama City"]
[Date "2023.12.02"]
[Round "9"]
[White "Reinhard Moller, Kerstin Danielle"]
[Black "Quintero, Gabriel"]
[Result "0-1"]
[WhiteElo "1279"]
[BlackElo "1764"]
[PlyCount "116"]
[EventDate "2023.11.25"]
[EventType "swiss"]
[EventRounds "9"]
[EventCountry "PAN"]
[SourceTitle "EXT 2025"]
[Source "ChessBase"]
[SourceDate "2024.10.14"]
[SourceVersion "1"]
[SourceVersionDate "2024.10.14"]
[SourceQuality "1"]

1. e4 c6 2. d4 d5 3. e5 c5 4. c3 Nc6 5. Nf3 Bg4 6. Be3 e6 7. h3 Bxf3 8. Qxf3 Qb6 9. b3 cxd4 10. cxd4 Bb4+ 11. Nd2 Nxd4 12. Bxd4 Bxd2+ 13. Kxd2 Qxd4+ 14. Bd3 Qb2+ 15. Ke3 Qxe5+ 16. Kd2 Qb2+ 17. Ke3 Ne7 18. Bb5+ Nc6 19. Bxc6+ bxc6 20. Rhc1 Rc8 21. Qe2 Qxe2+ 22. Kxe2 c5 23. Rc2 Kd7 24. Rac1 Kd6 25. f4 Rc6 26. g4 Rhc8 27. a3 c4 28. bxc4 Rxc4 29. Rxc4 Rxc4 30. Rxc4 dxc4 31. Kd2 Kc5 32. Kc3 f6 33. g5 fxg5 34. fxg5 e5 35. h4 e4 36. h5 e3 37. g6 hxg6 38. hxg6 e2 39. Kd2 Kd4 40. Kxe2 Kc3 41. Ke3 Kb2 42. Ke2 c3 43. a4 c2 44. a5 c1Q 45. Kd3 Qc5 46. a6 Qb5+ 47. Ke4 Qxa6 48. Kf5 Qd6 49. Kg5 a5 50. Kf5 a4 51. Kg5 a3 52. Kf5 a2 53. Kg5 a1Q 54. Kf5 Qe1 55. Kg4 Qxg6+ 56. Kf3 Qf5+ 57. Kg2 Qg4+ 58. Kh2 Qeg1# 0-1

[Event "Iberoamerican-ch 9th"]
[Site "Panama City"]
[Date "2023.11.26"]
[Round "3"]
[White "Pastor Carvajal, Jeigoth"]
[Black "Quintero, Gabriel"]
[Result "1/2-1/2"]
[WhiteElo "1985"]
[BlackElo "1764"]
[PlyCount "42"]
[EventDate "2023.11.25"]
[EventType "swiss"]
[EventRounds "9"]
[EventCountry "PAN"]
[SourceTitle "CBM 217 Extra"]
[Source "ChessBase"]
[SourceDate "2024.01.31"]
[SourceVersion "1"]
[SourceVersionDate "2024.01.31"]
[SourceQuality "1"]

1. Nf3 Nf6 2. b3 d5 3. Bb2 g6 4. g3 Bg7 5. Bg2 0-0 6. 0-0 c5 7. d3 Nc6 8. Nbd2 Qc7 9. Re1 e5 10. e4 d4 11. a4 Be6 12. Ng5 Bg4 13. f3 Bd7 14. Rf1 h6 15. Nh3 Qc8 16. Nf2 Qc7 17. Nc4 Nh5 18. Qe2 Rae8 19. Rae1 a6 20. Bc1 b5 21. Nb2 Kh7 1/2-1/2

[Event "Panama op 4th"]
[Site "Panama City"]
[Date "2023.11.08"]
[Round "4"]
[White "Quintero, Gabriel"]
[Black "Ortiz, Elio"]
[Result "0-1"]
[WhiteElo "1764"]
[BlackElo "2193"]
[PlyCount "78"]
[EventDate "2023.11.06"]
[EventType "swiss"]
[EventRounds "9"]
[EventCountry "PAN"]
[SourceTitle "CBM 217 Extra"]
[Source "ChessBase"]
[SourceDate "2024.01.31"]
[SourceVersion "1"]
[SourceVersionDate "2024.01.31"]
[SourceQuality "1"]

1. d4 Nf6 2. e3 c5 3. Bd3 g6 4. f4 cxd4 5. exd4 Bg7 6. Nf3 d6 7. 0-0 0-0 8. c3 b6 9. Qe2 Bb7 10. Nbd2 Nbd7 11. Nc4 Re8 12. Qc2 Rc8 13. Bd2 Nd5 14. Qb3 Qc7 15. Na3 a6 16. Rae1 e6 17. Kh1 N7f6 18. Qc4 Qd8 19. Qb3 Nh5 20. Ng5 h6 21. Nh3 Ndf6 22. Nc2 Qc7 23. Ne3 Qc6 24. Qc4 Qd7 25. Qb3 b5 26. Qd1 e5 27. Kg1 exd4 28. cxd4 Ne4 29. Bxe4 Bxe4 30. Bc3 f5 31. a3 Nf6 32. Nf2 Bb7 33. d5 Qf7 34. Bxf6 Bxf6 35. Nd3 Bd4 36. Rf3 Bxd5 37. Rg3 Be4 38. Kh1 Bf6 39. Nf2 Bh4 0-1

[Event "Panama op 3rd"]
[Site "Panama City"]
[Date "2013.11.02"]
[Round "4"]
[White "Quintero, Gabriel"]
[Black "Frometa Castillo, Zirka"]
[Result "0-1"]
[WhiteElo "1756"]
[BlackElo "2128"]
[PlyCount "56"]
[EventDate "2013.10.30"]
[EventType "swiss"]
[EventRounds "9"]
[EventCountry "PAN"]
[SourceTitle "EXT 2014"]
[Source "ChessBase"]
[SourceDate "2013.11.20"]
[SourceVersion "1"]
[SourceVersionDate "2013.11.20"]
[SourceQuality "1"]

1. e4 c6 2. d4 d5 3. Nc3 g6 4. exd5 cxd5 5. Nf3 Nc6 6. Bf4 a6 7. Be2 Bg7 8. 0-0 Nf6 9. Re1 0-0 10. Ne5 Ne8 11. Nxc6 bxc6 12. Na4 Nd6 13. c3 f6 14. Bd3 Nf7 15. Nc5 Re8 16. Bg3 e5 17. Bf1 f5 18. Qa4 Qf6 19. Bxe5 Nxe5 20. dxe5 Qxe5 21. Qxc6 Rb8 22. f4 Qxf4 23. Qxd5+ Kh8 24. Re2 Qc7 25. Rd1 Bf6 26. Ne6 Qb6+ 27. Nd4 Be6 28. Qxe6 Bxd4+ 0-1

[Event "Panama op 3rd"]
[Site "Panama City"]
[Date "2013.10.31"]
[Round "2"]
[White "Quintero, Gabriel"]
[Black "Chinchilla Miranda, Eugenio"]
[Result "0-1"]
[WhiteElo "1756"]
[BlackElo "2191"]
[PlyCount "74"]
[EventDate "2013.10.30"]
[EventType "swiss"]
[EventRounds "9"]
[EventCountry "PAN"]
[SourceTitle "EXT 2014"]
[Source "ChessBase"]
[SourceDate "2013.11.20"]
[SourceVersion "1"]
[SourceVersionDate "2013.11.20"]
[SourceQuality "1"]

1. c4 g6 2. Nc3 c5 3. g3 Bg7 4. Bg2 Nc6 5. d3 d6 6. e3 h5 7. h4 Bg4 8. Nge2 Qd7 9. Qa4 Nf6 10. Bd2 Nb4 11. Qxd7+ Kxd7 12. 0-0 Nxd3 13. Rab1 Ne5 14. b3 Nf3+ 15. Bxf3 Bxf3 16. b4 b6 17. bxc5 bxc5 18. Nf4 Rab8 19. Nh3 Ne4 20. Nxe4 Bxe4 21. Rb3 Rxb3 22. axb3 Rb8 23. Ng5 Bd3 24. Rd1 Rxb3 25. Nxf7 Bxc4 26. Ng5 Rd3 27. Rc1 Bb3 28. Be1 c4 29. Ne4 Kc6 30. Kf1 d5 31. Nc3 e5 32. Ke2 a5 33. Ra1 e4 34. Rc1 a4 35. Nb1 Ba2 36. Rc3 Bxc3 37. Bxc3 Bxb1 0-1